J. C. Vieira de Castro (Registo nº 202058)

Detalhes MARC
000 -Etiqueta do registo
Valores 00684nam 22002173 4500
010 ## - Número ISBN
ISBN 972-95027-3-0
021 ## - Número do Depósito Legal
Código do país Portugal
Número 1547
100 ## - Dados gerais de processamento
Dados gerais 20260506d u||y0pory50 ba
200 ## - Titulo e menção de responsabilidade
Título próprio J. C. Vieira de Castro
Primeira menção de responsabilidade Fernando Moniz Rebelo
Outras menções de responsabilidade edição organizada e apresentada por José Viale Moutinho
210 ## - Publicação
Local de publicação Fafe
Nome do editor Câmara Municipal de Fafe
Data de publicação 1993
215 ## - Descrição física 
Paginação / Volumes 343 p.
Outras indicações físicas il. ; brochado
Dimensões 25 cm
225 ## - Colecção 
Título próprio da colecção Cadernos culturais
Número de parte ou secção 4
606 ## - Nome comum usado como assunto
ID Autoridade 1250
Palavra de ordem Biografias
675 ## - CDU
Notação 929
Edição PT
Língua por
700 ## - Autor principal (pessoa individual)
ID Autoridade 17252
Apelido Rebelo
Nome Fernando Moniz
Datas 1927-1990
701 ## - Co-autor principal (pessoa individual)
ID Autoridade 1566
Apelido Moutinho
Nome José Viale
Datas 1945-
801 ## - Fonte de origem
País PT
Agência BMMN
Regras de catalogação RPC
830 ## - Notas gerais do catalogador
Criado por Vanda
990 ## - Elementos KOHA
Tipo de documento Livro
Exemplares
Situação do levantamento Biblioteca de origem Código de barras Cota Permissão de empréstimo Tipo de documento Forma de aquisição
  Biblioteca Municipal de Montemor-o-Novo 31473 929 CAS|DEP   Livro Compra

Powered by Koha